000 00349nam a2200133Ia 4500
008 210210b2005 xxu||||| |||| 00| 0 eng d
082 _aT894.1 SIDP
100 _aSIDDHAKATTE MALLIKA SHETTI.
245 _aPaddeyi: tulu kabitegonchil.
260 _aMangaluru
_bHemanshu Prakashana
_c2005
300 _a32
690 _aTulu Poetry
906 _a061648
999 _c108242
_d108242